|
|
แสดงรายละเอียดบรรณานุกรม |
|
|
Brief Record
: Get Marc (ISO 2709)
: E-mail record
: |
|
|
| LEADER 00000nam 2200000uu 4500 | |||
| 008 120921s2010||||th 000 0 eng d | |||
| 024 ^a9780071609159 | |||
| 040 ^abcnkk | |||
| 041 0 ^aeng | |||
| 060 0 ^aWY159 J66p 2010 | |||
| 100 0 ^aJohnson, Joyce Y. | |||
| 245 00 ^aPediatric nursing demystified : ^ba self - teaching guide./^cJoyce Y Johnson. | |||
| 246 0 ^a a self - teaching guide | |||
| 260 ^aNew York : ^bMcGraw Hill Medical,^c2010. | |||
| 300 ^axvi,379 p.;^bill. | |||
| 650 0 ^aNursing assessment ^xMethods. | |||
| 650 0 ^aNursing care. | |||
| 650 0 ^aPediatric nursing. | |||
| 999 ^aใช้งานได้ทุกระบบ | |||
| คุณยังไม่ได้ล็อกอิน คุณสามารถมีกิจกรรมร่วมกับเว็บไซต์ได้ แต่ต้องล็อกอินก่อน :: |
|
| สถานะ | |||||||||
| 1. | หนังสือทั่วไป | WY159 J66p 2010 | On Shelf ขอยืม | ||||||
| [แสดง 1/1 รายการ] | |||||||||
BibComment |
| คอมเมนท์ทรัพยากรรายการนี้ |
|
|